In quale squadra ha giocato? - Quiz n°8 - Statistics

Statistiche generali
  • Questo quiz è stato fatto 24 volte
  • Il punteggio medio è 4 su 6
Statistiche sulle risposte
Domanda Risposta % Corretto
Nicolò Zaniolo Galatasaray
91%
Destiny Udogie Udinese
82%
Randal Kolo Muani Eintracht Francoforte
73%
Jules Koundé Siviglia
73%
Brahim Díaz Manchester City
64%
Noah Okafor Red Bull Salisburgo
64%
Nessun quiz corrispondente trovato
Distribuzione punteggi
Percentuale di utenti per punteggio
Percentile per numero di risposta
I tuoi punteggi nel tempo
Non hai fatto questo quiz